000 003540000a22001450004500
020 _a84-261-249-1
082 0 4 _aG CC C164s
100 1 _aCannon, Janell
245 1 0 _aStelaluna / Janell Cannon, traduccion : Nuria Gonzalez i Anadon
260 _aBarcelona : Juventud
300 _a[52 P.]
650 1 4 _aLiteratura Infantil
001 7
942 _cLGB
999 _c47267
_d47267